000 00298nam a2200109Ia 4500
008 200302s9999 xx 000 0 und d
100 _aEdward Saunders
245 _aJoseph Pickford Of Derby : A Georgian Archtiect
260 _bAlan Sutton Publishers, United Kingdom
260 _c1993
300 _a182
999 _c4735
_d4735